000 00187 a2200097 4500
001 25207
100 _aHall, W
245 _aSound
260 _a
_bEdward Arnold
_c
090 _c16978
_d16978
942 _aNUST-CAE
_cM
_c7755
999 _c260280
_d260280